Library Banner

The ecolution Indo-Muslim thought after 1857 (Record no. 73492)

MARC details
000 -LEADER
fixed length control field 00392nam a22001457a 4500
005 - DATE AND TIME OF LATEST TRANSACTION
control field 20171028110242.0
008 - FIXED-LENGTH DATA ELEMENTS--GENERAL INFORMATION
fixed length control field 150731b xxu||||| |||| 00| 0 eng d
040 ## - CATALOGING SOURCE
Transcribing agency PK-LaUMT
082 ## - DEWEY DECIMAL CLASSIFICATION NUMBER
Classification number KHC 954.0317
Item number LIN-E
100 ## - MAIN ENTRY--PERSONAL NAME
Personal name Lini S. May
245 ## - TITLE STATEMENT
Title The ecolution Indo-Muslim thought after 1857
Statement of responsibility, etc Lini S. May
260 ## - PUBLICATION, DISTRIBUTION, ETC. (IMPRINT)
Place of publication, distribution, etc Lahore
Name of publisher, distributor, etc SH. Muhammad Ashraf
Date of publication, distribution, etc 1970
300 ## - PHYSICAL DESCRIPTION
Extent 488 p.
942 ## - ADDED ENTRY ELEMENTS (KOHA)
Koha item type Books
Holdings
Withdrawn status Lost status Damaged status Home library Current library Date acquired Full call number Barcode Date last seen Price effective from Koha item type
      UMT Main Campus UMT Main Campus 2015-07-31 KHC 954.0317 LIN-E 69826 2015-07-31 2015-07-31 Books